000 00676nam a2200289Ia 4500
005 20260324123534.0
008 008 260324s9999 xx 000 0 eng d
020 _a9781315553504
037 _aEBOOK
040 _aCRL
040 _beng
040 _cCRL
041 _2eng
041 _aeng
084 _qCRL
100 _aSimon Weaver
_91170691
245 4 _aThe Rhetoric of Racist Humour
245 0 _bUS, UK and Global Race Joking
260 _bTaylor and Francis
260 _c2011
365 _a
365 _b255
856 _uhttp://www.taylorfrancis.com/books/9781315553504
942 _cEBOOK
999 _c1764310
_d1764310